<?xml version='1.0' encoding='UTF-8'?>
  <record xmlns="http://www.loc.gov/MARC21/slim">
    <leader>00000cam a2200000 i 4500</leader>
    <controlfield tag="001">on1020065190</controlfield>
    <controlfield tag="003">OCoLC</controlfield>
    <controlfield tag="005">20241108072719.6</controlfield>
    <controlfield tag="008">180122s1766    ne            000 0 dut d</controlfield>
    <datafield tag="040" ind1=" " ind2=" ">
      <subfield code="a">QGJ</subfield>
      <subfield code="b">eng</subfield>
      <subfield code="e">rda</subfield>
      <subfield code="e">dcrmb</subfield>
      <subfield code="c">QGJ</subfield>
      <subfield code="d">OCLCQ</subfield>
      <subfield code="d">OCLCO</subfield>
      <subfield code="d">OCLCL</subfield>
      <subfield code="d">OCLCO</subfield>
      <subfield code="d">OCLCQ</subfield>
    </datafield>
    <datafield tag="026" ind1=" " ind2=" ">
      <subfield code="e">000008 - b1 A2 der$ : *b2 2A zel</subfield>
      <subfield code="2">stcnf</subfield>
    </datafield>
    <datafield tag="035" ind1=" " ind2=" ">
      <subfield code="a">(OCoLC)1020065190</subfield>
    </datafield>
    <datafield tag="043" ind1=" " ind2=" ">
      <subfield code="a">e-ne---</subfield>
    </datafield>
    <datafield tag="100" ind1="1" ind2=" ">
      <subfield code="a">Schagen, Marten,</subfield>
      <subfield code="d">1700-1770,</subfield>
      <subfield code="e">author.</subfield>
      <subfield code="1">https://id.oclc.org/worldcat/entity/E39PBJwHkFp7kDkkB869KJpgKd</subfield>
    </datafield>
    <datafield tag="245" ind1="1" ind2="0">
      <subfield code="a">Gedagtenis van Utrechts Akademievreugde, betoond ter gelegenheit, dat de doorluchtige vorst en heer Willem de Vyfde, Prins van Oranje en Nassau, enz. enz. enz. (de verhevene waerdigheden van erfstadhouder, en oppergebiedvoerder der stichtsche land- en zee-magt aenvaerdende,) de stad Utrecht en haere hooge school met zyne vorstelyke tegenwoordigheit verëerde, op den VII. Ix. XI. en XIIden July MDCCLXVI. /</subfield>
      <subfield code="c">Beschreven door een liefhebber van Utrechts Akademie.</subfield>
    </datafield>
    <datafield tag="264" ind1=" " ind2="2">
      <subfield code="a">Te Utrecht :</subfield>
      <subfield code="b">By Gysb. T. van Paddenburg, en Abraham van Paddenburg, Boekverkoopers.,</subfield>
      <subfield code="c">[1766]</subfield>
    </datafield>
    <datafield tag="300" ind1=" " ind2=" ">
      <subfield code="a">187 pages, 1 unnumbered page, 3 leaves of plates, 1 unnumbered leaf of plates:</subfield>
      <subfield code="b">illustrations ;</subfield>
      <subfield code="c">21 cm (8vo)</subfield>
    </datafield>
    <datafield tag="336" ind1=" " ind2=" ">
      <subfield code="a">text</subfield>
      <subfield code="b">txt</subfield>
      <subfield code="2">rdacontent</subfield>
    </datafield>
    <datafield tag="337" ind1=" " ind2=" ">
      <subfield code="a">unmediated</subfield>
      <subfield code="b">n</subfield>
      <subfield code="2">rdamedia</subfield>
    </datafield>
    <datafield tag="338" ind1=" " ind2=" ">
      <subfield code="a">volume</subfield>
      <subfield code="b">nc</subfield>
      <subfield code="2">rdacarrier</subfield>
    </datafield>
    <datafield tag="340" ind1=" " ind2=" ">
      <subfield code="m">8vo</subfield>
    </datafield>
    <datafield tag="500" ind1=" " ind2=" ">
      <subfield code="a">Author identified by way of oversized letters in epigraphs on t.p. verso, which spell out, in sequence, "per Martinum Schagen"; dedication signed on p. [4], "Utrecht in December 1766. M.S."</subfield>
    </datafield>
    <datafield tag="500" ind1=" " ind2=" ">
      <subfield code="a">Signatures: A-Z4 2A2.</subfield>
    </datafield>
    <datafield tag="500" ind1=" " ind2=" ">
      <subfield code="a">There also exists an edition in quarto ((OCoLC)48406109)</subfield>
    </datafield>
    <datafield tag="510" ind1="4" ind2=" ">
      <subfield code="a">Short title catalogue Netherlands,</subfield>
      <subfield code="c">20327136X</subfield>
    </datafield>
    <datafield tag="600" ind1="0" ind2="0">
      <subfield code="a">William</subfield>
      <subfield code="b">V,</subfield>
      <subfield code="c">Prince of Orange,</subfield>
      <subfield code="d">1748-1806</subfield>
      <subfield code="x">Travel</subfield>
      <subfield code="z">Netherlands</subfield>
      <subfield code="z">Utrecht.</subfield>
    </datafield>
    <datafield tag="651" ind1=" " ind2="0">
      <subfield code="a">Utrecht (Netherlands)</subfield>
      <subfield code="x">History</subfield>
      <subfield code="y">18th century.</subfield>
    </datafield>
    <datafield tag="610" ind1="2" ind2="0">
      <subfield code="a">Rijksuniversiteit te Utrecht</subfield>
      <subfield code="x">History</subfield>
      <subfield code="y">18th century.</subfield>
    </datafield>
    <datafield tag="650" ind1=" " ind2="0">
      <subfield code="a">Fireworks</subfield>
      <subfield code="z">Netherlands</subfield>
      <subfield code="z">Utrecht</subfield>
      <subfield code="v">Early works to 1800.</subfield>
    </datafield>
    <datafield tag="650" ind1=" " ind2="6">
      <subfield code="a">Pièces d'artifice</subfield>
      <subfield code="z">Pays-Bas</subfield>
      <subfield code="z">Utrecht</subfield>
      <subfield code="v">Ouvrages avant 1800.</subfield>
    </datafield>
    <datafield tag="600" ind1="0" ind2="7">
      <subfield code="a">William</subfield>
      <subfield code="b">V,</subfield>
      <subfield code="c">Prince of Orange,</subfield>
      <subfield code="d">1748-1806</subfield>
      <subfield code="2">fast</subfield>
      <subfield code="1">https://id.oclc.org/worldcat/entity/E39PBJyhftGG7QByhKvyQm9v73</subfield>
    </datafield>
    <datafield tag="610" ind1="2" ind2="7">
      <subfield code="a">Rijksuniversiteit te Utrecht</subfield>
      <subfield code="2">fast</subfield>
      <subfield code="1">https://id.oclc.org/worldcat/entity/E39QH7JmtdmF8pXr7J4mJkXFWt</subfield>
    </datafield>
    <datafield tag="650" ind1=" " ind2="7">
      <subfield code="a">Fireworks</subfield>
      <subfield code="2">fast</subfield>
    </datafield>
    <datafield tag="650" ind1=" " ind2="7">
      <subfield code="a">Travel</subfield>
      <subfield code="2">fast</subfield>
    </datafield>
    <datafield tag="651" ind1=" " ind2="7">
      <subfield code="a">Netherlands</subfield>
      <subfield code="z">Utrecht</subfield>
      <subfield code="2">fast</subfield>
      <subfield code="1">https://id.oclc.org/worldcat/entity/E39QbtfRhdj6hCymtbYFKHV6fY</subfield>
    </datafield>
    <datafield tag="648" ind1=" " ind2="7">
      <subfield code="a">1700-1799</subfield>
      <subfield code="2">fast</subfield>
    </datafield>
    <datafield tag="655" ind1=" " ind2="7">
      <subfield code="a">Early works</subfield>
      <subfield code="2">fast</subfield>
    </datafield>
    <datafield tag="655" ind1=" " ind2="7">
      <subfield code="a">History</subfield>
      <subfield code="2">fast</subfield>
    </datafield>
    <datafield tag="655" ind1=" " ind2="7">
      <subfield code="a">Engravings</subfield>
      <subfield code="z">Netherlands</subfield>
      <subfield code="y">18th century.</subfield>
      <subfield code="2">gmgpc</subfield>
    </datafield>
    <datafield tag="655" ind1=" " ind2="7">
      <subfield code="a">Festival books</subfield>
      <subfield code="z">Netherlands</subfield>
      <subfield code="y">18th century.</subfield>
      <subfield code="2">rbgenr</subfield>
    </datafield>
    <datafield tag="700" ind1="1" ind2=" ">
      <subfield code="a">Hiltrop, J. van.,</subfield>
      <subfield code="e">ngraver,</subfield>
      <subfield code="e">illustrator.</subfield>
    </datafield>
    <datafield tag="700" ind1="1" ind2=" ">
      <subfield code="a">IJssel, C. v. d.,</subfield>
      <subfield code="3">artist.</subfield>
    </datafield>
    <datafield tag="700" ind1="1" ind2=" ">
      <subfield code="a">Paddenburg, Gijsbert Tieme van,</subfield>
      <subfield code="d">active 1747-1804,</subfield>
      <subfield code="e">bookseller,</subfield>
      <subfield code="e">printer.</subfield>
      <subfield code="1">https://id.oclc.org/worldcat/entity/E39PCjtr9ymVm9GJf669Hr8xKq</subfield>
    </datafield>
    <datafield tag="700" ind1="1" ind2=" ">
      <subfield code="a">Paddenburg, Abraham,</subfield>
      <subfield code="e">bookseller,</subfield>
      <subfield code="e">printer.</subfield>
    </datafield>
    <datafield tag="752" ind1=" " ind2=" ">
      <subfield code="a">Netherlands</subfield>
      <subfield code="d">Utrecht.</subfield>
    </datafield>
    <datafield tag="758" ind1=" " ind2=" ">
      <subfield code="i">has work:</subfield>
      <subfield code="a">Gedagtenis van Utrechts Akademievreugde, betoond ter gelegenheit, dat de doorluchtige vorst en heer Willem de Vyfde, Prins van Oranje en Nassau, enz. enz. enz. (de verhevene waerdigheden van erfstadhouder, en oppergebiedvoerder der stichtsche land- en zee-magt aenvaerdende,) de stad Utrecht en haere hooge school met zyne vorstelyke tegenwoordigheit verëerde, op den VII. Ix. XI. en XIIden July MDCCLXVI (Text)</subfield>
      <subfield code="1">https://id.oclc.org/worldcat/entity/E39PCFyxJYt93W3pWvdFYWPrVP</subfield>
      <subfield code="4">https://id.oclc.org/worldcat/ontology/hasWork</subfield>
    </datafield>
  </record>